000 01228cam a22002054a 4500
005 20250605163956.0
008 250528s ||||||||||||||||||||||||d
035 _a15487
020 _a273641662
040 _aGR-AtMCL
_bgre
_dGR-AtMCL
_eAACR2
245 1 _aManaging Change / A Strategic Approach to Organisational Dynamics
250 _a3rd
260 _bPrentice Hall,
_c2000
300 _a572
520 _aThis book presents a comprehensive, wide-ranging and readable picture of the theory and practice of organizational change and renewal. Introduction, The Rise and Fall of the Rational Organization, Developments in Organizational Theory, In Search of New Paradigms, Theoretical Perspectives on Strategy Development and Change Management, Approaches to Strategy, Applying Strategy, Approaches to Change Management, Developments in Change Management, Case Studies in Strategy Development and Change Management, Case Studies in Strategic Change, Case Studies in Changing External Relationships, Managing Choice, Managing Change, Organizational Change and Managerial Choice, Management - Roles and Responsibilities, Index.
700 1 _aBurnes Bernard
_91419
942 _cBK
999 _c1066
_d1066